01259 2200553 4500001002100000005001500021035002000036008004100056245006600097100001900163250000600182260003400188300001200222084001400234082000800248650001400256990001200270990001500282990001500297990001500312990001500327990001500342990001500357990001500372990001500387990001500402990001500417990001500432990001500447990001200462990001500474990001500489990001500504990001500519990001500534990001200549990001200561990001200573990001200585990001200597990001200609990001200621990001200633990001200645990001200657990001200669990001200681990001200693INLIS00000000000150620250115110257 a0010-0125000004250115 0 ind 1 aBuku Siswa Biologi 3 Kelas XII ( Peminatan ) /cSri Pujiyanto aPujiyanto, Sri a1 aSolo :bTiga Serangkai,c2016 a276 hlm a574 SRI b a574 4aReferensi a0739596 a10-07-3897 a11-07-3897 a12-07-3897 a13-07-3897 a14-07-3897 a15-07-3897 a16-07-3897 a17-07-3897 a18-07-3897 a19-07-3897 a20-07-3897 a21-07-3897 a0739607 a23-07-3897 a24-07-3897 a25-07-3897 a26-07-3897 a27-07-3897 a0739600 a0739598 a0739599 a0739594 a0739591 a0739590 a0739589 a0739588 a0739587 a0739585 a0739584 a0739583 a0739582